<?xml version="1.0" encoding="UTF-8"?>
<marc:record xmlns:marc="http://www.loc.gov/MARC21/slim">
   <marc:leader>00000nam a2200000 a 4500</marc:leader>
   <marc:datafield ind1="1" ind2=" " tag="100">
      <marc:subfield code="a">McCann, Colum</marc:subfield>
      <marc:subfield code="4">aut</marc:subfield>
      <marc:subfield code="e">Verfasser/-in</marc:subfield>
   </marc:datafield>
   <marc:datafield ind1="1" ind2=" " tag="100">
      <marc:subfield code="a">Gunsteren, Dirk van</marc:subfield>
      <marc:subfield code="4">trl</marc:subfield>
      <marc:subfield code="e">Übersetzer/-in</marc:subfield>
   </marc:datafield>
   <marc:datafield ind1=" " ind2=" " tag="653">
      <marc:subfield code="a">Afghanistan</marc:subfield>
   </marc:datafield>
   <marc:datafield ind1=" " ind2=" " tag="653">
      <marc:subfield code="a">Erzählung</marc:subfield>
   </marc:datafield>
   <marc:datafield ind1=" " ind2=" " tag="653">
      <marc:subfield code="a">Folter</marc:subfield>
   </marc:datafield>
   <marc:datafield ind1=" " ind2=" " tag="653">
      <marc:subfield code="a">Irland</marc:subfield>
   </marc:datafield>
   <marc:datafield ind1=" " ind2=" " tag="653">
      <marc:subfield code="a">Krieg</marc:subfield>
   </marc:datafield>
   <marc:datafield ind1=" " ind2=" " tag="653">
      <marc:subfield code="a">London</marc:subfield>
   </marc:datafield>
   <marc:datafield ind1=" " ind2=" " tag="653">
      <marc:subfield code="a">Mord</marc:subfield>
   </marc:datafield>
   <marc:datafield ind1=" " ind2=" " tag="653">
      <marc:subfield code="a">New York</marc:subfield>
   </marc:datafield>
   <marc:datafield ind1=" " ind2=" " tag="653">
      <marc:subfield code="a">Novelle</marc:subfield>
   </marc:datafield>
   <marc:datafield ind1=" " ind2=" " tag="653">
      <marc:subfield code="a">Short Story</marc:subfield>
   </marc:datafield>
   <marc:datafield ind1=" " ind2=" " tag="653">
      <marc:subfield code="a">Video-Überwachung</marc:subfield>
   </marc:datafield>
   <marc:datafield ind1=" " ind2=" " tag="653">
      <marc:subfield code="a">Wallace Stevens</marc:subfield>
   </marc:datafield>
   <marc:datafield ind1=" " ind2=" " tag="653">
      <marc:subfield code="a">Überfall</marc:subfield>
   </marc:datafield>
   <marc:datafield ind1=" " ind2=" " tag="653">
      <marc:subfield code="a">Softcover / Belletristik/Gegenwartsliteratur (ab 1945)</marc:subfield>
   </marc:datafield>
   <marc:datafield ind1=" " ind2=" " tag="653">
      <marc:subfield code="a">Anthologie</marc:subfield>
   </marc:datafield>
   <marc:datafield ind1=" " ind2=" " tag="653">
      <marc:subfield code="a">Erzählende Literatur: Gegenwartsliteratur ab 1945</marc:subfield>
   </marc:datafield>
   <marc:datafield ind1="0" ind2="0" tag="245">
      <marc:subfield code="a">Wie spät ist es jetzt dort, wo du bist?</marc:subfield>
   </marc:datafield>
   <marc:datafield ind1="0" ind2="0" tag="245">
      <marc:subfield code="b">drei Erzählungen und eine Novelle</marc:subfield>
   </marc:datafield>
   <marc:datafield ind1="0" ind2="0" tag="245">
      <marc:subfield code="c">Colum McCann ; aus dem Englischen von Dirk van Gunsteren</marc:subfield>
   </marc:datafield>
   <marc:datafield ind1=" " ind2="1" tag="264">
      <marc:subfield code="a">Reinbek bei Hamburg</marc:subfield>
      <marc:subfield code="b">Rowohlt</marc:subfield>
   </marc:datafield>
   <marc:datafield ind1=" " ind2=" " tag="250">
      <marc:subfield code="a">1. Auflage</marc:subfield>
   </marc:datafield>
   <marc:datafield ind1="1" ind2=" " tag="520">
      <marc:subfield code="a">Angaben aus der Verlagsmeldung

Wie spät ist es jetzt dort, wo du bist? : Drei Erzählungen und eine Novelle Thirteen Ways of Looking / von Colum McCann

Neue Erzählungen vom amerikanisch-irischen Bestsellerautor Colum McCann: lebensnah, politisch und poetisch.

“Das unglaubliche Mysterium der menschlichen Erfahrung ist die Klammer dieser Erzählungen, und dass sie so zwingend erscheinen, ist das Zeichen für McCanns Genie", schreibt die Washington Post. In der längsten, der Novelle 'Dreizehn Sichtweisen', geht ein alter Mann an einem verschneiten Tag in Manhattan mit seinem Sohn essen. Der Sohn muss los, und als der Mann später allein das Restaurant verlässt, wird er auf offener Straße überfallen und umgebracht. Die mit dem Fall betrauten Kriminalbeamten rekonstruieren seine Wege, die Überwachungskameras bei ihm zu Hause, im Lokal und auf der Straße aufgezeichnet haben. Ihre Arbeit gleicht der von Dichtern: der Suche nach einem zufälligen Schlüssel, der, an der richtigen Stelle eingepasst, plötzlich allem Sinn verleiht.
Dieses "Schlüssel"-Stück des vorliegenden Bandes, wenn nicht sogar von McCanns Werk, wird ergänzt durch weitere Erzählungen. Eine Frau ruft an Silvester aus einem Unterstand in den afghanischen Bergen zu Hause an; eine andere erkennt ihren früheren Folterer als Mitglied einer Friedensverhandlungskommission im Fernsehen wieder.
Die Themen von McCanns Erzählungen sind vielfältig, immer stark an den Ereignissen dieser Welt orientiert, doch letztlich geht es ihm um die Zerbrechlichkeit seiner Figuren und die Kraft, die diese aus dem Leben schöpfen. Und er findet noch in den hintersten Winkeln unseres Daseins das, was uns groß macht.
</marc:subfield>
   </marc:datafield>
   <marc:datafield ind1=" " ind2=" " tag="020">
      <marc:subfield code="a">9783498045326</marc:subfield>
      <marc:subfield code="9">9783498045326</marc:subfield>
   </marc:datafield>
   <marc:datafield ind1=" " ind2=" " tag="020">
      <marc:subfield code="a">3498045326</marc:subfield>
      <marc:subfield code="9">3498045326</marc:subfield>
   </marc:datafield>
   <marc:datafield ind1=" " ind2=" " tag="041">
      <marc:subfield code="a">ger</marc:subfield>
   </marc:datafield>
   <marc:datafield ind1=" " ind2=" " tag="300">
      <marc:subfield code="a">250 Seiten</marc:subfield>
   </marc:datafield>
</marc:record>
